| 000 | 00000nam##2200000za#4500 |
| 001 | 9.532895 |
| 003 | CaOODSP |
| 005 | 20220328113239 |
| 007 | ta |
| 008 | 150406|1999||||xxc||||| f|0| 0 fre|d |
| 020 | |a0-662-64567-7 |
| 040 | |aCaOODSP|bfre |
| 041 | |aeng |
| 041 | |afre |
| 043 | |an-cn--- |
| 086 | 1 |aC21-25/8-1999 |
| 110 | 1 |aCanada. |bIndustrie Canada. |
| 245 | 10|aLes déterminants de la croissance de la productivité canadienne : |benjeux et perspectives / |cpar Richard G. Harris. |
| 260 | |aOttawa - Ontario : |bIndustrie Canada |c1999. |
| 300 | |aTexte français, 50p. : |bfigures ; |c28 cm. |
| 490 | 1 |aDocument de discussion|vN° 8 |
| 504 | |aBibliographie. |
| 546 | |aBilingue |
| 563 | |aCouverture souple |
| 590 | |a00-23|b2000-06-09 |
| 691 | 07|aProductivité|2gcpds |
| 691 | 07|aNiveau de vie|2gcpds |
| 691 | 07|aConditions économiques|2gcpds |
| 720 | 1 |aHarris, Richard |
| 776 | 0#|tDeterminants of Canadian productivity growth |w(CaOODSP)9.571968 |
| 776 | 0#|tLes déterminants de la croissance de la productivité canadienne |w(CaOODSP)9.602388 |
| 791 | |tDeterminants of Canadian productivity growth : |eeng|w(CaOODSP)9.532894 |
| 830 | #0|aDocument de discussion ;|vN° 8|w(CaOODSP)9.509055 |